Cloud computing v bankovníctve

Finančné služby sa celosvetovo nacházdajú v procese transformácie s cieľom intenzívnejšie využívať cloudové služby. Cloud computing ponúka početné výhody pre koncových zákazníkov a spoločnosti rôznych veľkostí. Výhody a dôvody, prečo uvažovať nad cloudom v bankovníctve. Tri modely nasedenia cloud co...

Descripción completa

Guardado en:
Detalles Bibliográficos
Autor principal: Okresa, Michal
Formato: Capítulo de libro
Lenguaje:eslovaco
Materias:
Etiquetas: Agregar Etiqueta
Sin Etiquetas, Sea el primero en etiquetar este registro!

MARC

LEADER 00000naa a2200000 4500
001 0247417
005 20180903134751.6
041 0 |a slo 
044 |a CZ 
245 1 0 |a Cloud computing v bankovníctve  |c Michal Okresa 
520 |a Finančné služby sa celosvetovo nacházdajú v procese transformácie s cieľom intenzívnejšie využívať cloudové služby. Cloud computing ponúka početné výhody pre koncových zákazníkov a spoločnosti rôznych veľkostí. Výhody a dôvody, prečo uvažovať nad cloudom v bankovníctve. Tri modely nasedenia cloud computingu a ich štyri varianty. Kľúčové otázky bánk pri prechode do cloudu ohľadom bezpečnosti a súladu s právnymi predpismi. 
610 2 0 |a cloud computing 
610 2 0 |a bankovníctvo 
610 2 0 |a technológie informačné 
610 2 0 |a technológie nové 
610 2 0 |a ochrana dát 
100 1 |a Okresa, Michal